[Event "Scarborough CC-ch"]
[Site "Toronto CAN"]
[Date "2025.05.08"]
[Round "4.9"]
[White "Satish Alwar, Dharsan"]
[Black "Zhang, Daniel"]
[Result "0-1"]
[WhiteElo "1724"]
[BlackElo "2187"]
[WhiteFideId "-1"]
[WhiteFideId "-1"]
[PlyCount "98"]
[GameId "2226046759882402"]
[EventDate "2025.04.17"]
[EventType "swiss"]
[EventRounds "10"]
[EventCountry "CAN"]

1. d4 d5 2. Nf3 Nf6 3. e3 e6 4. Bd3 Bd6 5. O-O O-O 6. c4 dxc4 7. Bxc4 a6 8. b3 c5 9. dxc5 Bxc5 10. Qxd8 Rxd8 11. Bb2 b5 12. Be2 Bb7 13. Nc3 Nbd7 14. Rfd1 Nb6 15. Rxd8+ Rxd8 16. Rd1 Rc8 17. a3 Kf8 18. Kf1 Be7 19. Nd4 Ke8 20. Bf3 Bxf3 21. Nxf3 Nfd7 22. Ne4 Nd5 23. Rd2 f6 24. Nd4 Kf7 25. Rc2 Rxc2 26. Nxc2 e5 27. Ke2 Ke6 28. f3 f5 29. Nd2 Nc5 30. g3 a5 31. e4 fxe4 32. fxe4 Nb6 33. Ne3 Bg5 34. Nf3 Bxe3 35. Kxe3 Nxb3 36. Nxe5 g5 37. Bd4 Nc8 38. Nf3 h6 39. Bg7 Nd6 40. Bxh6 Nc4+ 41. Kd3 g4 42. Nd4+ Nxd4 43. Kxd4 Nxa3 44. Bf4 b4 45. Kd3 Nb5 46. Kc4 Nd6+ 47. Kd3 a4 48. Bd2 b3 49. Bc3 a3 0-1

[Event "Scarborough CC-ch"]
[Site "Toronto CAN"]
[Date "2025.05.08"]
[Round "4.10"]
[White "Nazareno, Merlin"]
[Black "Chamberland, Luc"]
[Result "1-0"]
[WhiteElo "1985"]
[BlackElo "1676"]
[WhiteFideId "-1"]
[WhiteFideId "-1"]
[PlyCount "87"]
[GameId "2226046759837326"]
[EventDate "2025.04.17"]
[EventType "swiss"]
[EventRounds "10"]
[EventCountry "CAN"]

1. d4 e6 2. Nc3 Nf6 3. Bg5 d5 4. e4 Bb4 5. e5 h6 6. Bh4 g5 7. Bg3 Ne4 8. Nge2 c5 9. a3 Nxc3 10. bxc3 Ba5 11. dxc5 Qc7 12. Qd4 Nc6 13. Qe3 Qe7 14. h4 d4 15. Nxd4 Qxc5 16. Nb5 Qxe3+ 17. fxe3 g4 18. h5 a6 19. Nd6+ Kf8 20. Kd2 Ne7 21. e4 Rb8 22. Rh4 Bd7 23. Rxg4 Nc8 24. Bd3 Nxd6 25. exd6 Rg8 26. Rxg8+ Kxg8 27. Be5 f5 28. exf5 exf5 29. Rf1 Re8 30. Bf6 Re6 31. Bc4 Kf7 32. Bxe6+ Kxe6 33. Be7 Be8 34. Re1+ Kd7 35. Re5 Bd8 36. Bxd8 Kxd8 37. Rxf5 Kd7 38. Rf6 Bxh5 39. Rxh6 Bg4 40. c4 b6 41. Kc3 a5 42. Kd4 Kc6 43. Ke5 Be2 44. Rh7 1-0

[Event "Scarborough CC-ch"]
[Site "Toronto CAN"]
[Date "2025.05.08"]
[Round "4.11"]
[White "Zhao, Shannon"]
[Black "Lawless, David"]
[Result "1/2-1/2"]
[WhiteElo "1649"]
[BlackElo "1902"]
[WhiteFideId "-1"]
[WhiteFideId "-1"]
[PlyCount "79"]
[GameId "2226046759841423"]
[EventDate "2025.04.17"]
[EventType "swiss"]
[EventRounds "10"]
[EventCountry "CAN"]

1. e4 e5 2. Nf3 Nc6 3. d4 exd4 4. Bc4 Nf6 5. e5 d5 6. Bb5 Ne4 7. Nxd4 Bd7 8. Bxc6 bxc6 9. O-O Be7 10. c3 O-O 11. Be3 f6 12. e6 Be8 13. f3 Nc5 14. f4 f5 15. Re1 Qd6 16. b4 Ne4 17. Qc2 g6 18. Nd2 c5 19. Nxe4 dxe4 20. bxc5 Qxc5 21. Rad1 Qa5 22. Nb3 Qa6 23. Nd4 c5 24. Nb3 Ba4 25. Qf2 Rac8 26. Nxc5 Bxc5 27. Bxc5 Bxd1 28. Bxf8 Kxf8 29. Rxd1 Qxe6 30. Qxa7 Qe7 31. Rd7 Qc5+ 32. Qxc5+ Rxc5 33. Ra7 Rxc3 34. a4 Ra3 35. Rxh7 Ra2 36. a5 e3 37. Kf1 Rf2+ 38. Ke1 Rxg2 39. a6 Ra2 40. h4 1/2-1/2

[Event "Scarborough CC-ch"]
[Site "Toronto CAN"]
[Date "2025.05.08"]
[Round "4.12"]
[White "Wang, Alan"]
[Black "Chung, Noah"]
[Result "1/2-1/2"]
[WhiteElo "1622"]
[BlackElo "1870"]
[WhiteFideId "-1"]
[WhiteFideId "-1"]
[PlyCount "92"]
[GameId "2226046759845520"]
[EventDate "2025.04.17"]
[EventType "swiss"]
[EventRounds "10"]
[EventCountry "CAN"]

1. d4 d5 2. c4 e6 3. Nf3 Nf6 4. Nc3 Nc6 5. Bg5 Be7 6. e3 h6 7. Bh4 Nh7 8. Bxe7 Nxe7 9. Bd3 Nf6 10. Ne5 c5 11. Rc1 cxd4 12. exd4 Nc6 13. cxd5 Nxe5 14. dxe5 Nxd5 15. Bb5+ Bd7 16. Nxd5 exd5 17. Qxd5 Qa5+ 18. Rc3 Qxb5 19. Rc5 Qb4+ 20. Rc3 Rd8 21. O-O Bb5 22. Qxb7 Qa4 23. e6 fxe6 24. Qxg7 Qd4 25. Qg6+ Ke7 26. Re1 Qf6 27. Qh5 Rhf8 28. Qc5+ Rd6 29. Qxa7+ Bd7 30. Qe3 Qf4 31. Qc5 Qd4 32. Qxd4 Rxd4 33. f3 Rd2 34. Rb3 Rg8 35. g3 Rc8 36. f4 Rcc2 37. f5 Rg2+ 38. Kh1 Rxh2+ 39. Kg1 Rcg2+ 40. Kf1 Rh1+ 41. Kxg2 Rxe1 42. fxe6 Bxe6 43. Rb7+ Kf6 44. Kf2 Re5 45. a4 Ra5 46. b3 Bxb3 1/2-1/2

[Event "Scarborough CC-ch"]
[Site "Toronto CAN"]
[Date "2025.05.08"]
[Round "4.13"]
[White "Jeyakumar, Yathushan"]
[Black "Yamasaki, Dawson"]
[Result "0-1"]
[WhiteElo "1762"]
[BlackElo "1657"]
[WhiteFideId "-1"]
[WhiteFideId "-1"]
[PlyCount "82"]
[GameId "2226046759849617"]
[EventDate "2025.04.17"]
[EventType "swiss"]
[EventRounds "10"]
[EventCountry "CAN"]

1. e4 c5 2. c3 e6 3. d4 d5 4. exd5 exd5 5. Nf3 Nc6 6. Be3 cxd4 7. Nxd4 Bd6 8. Bd3 Nf6 9. h3 O-O 10. O-O Ne5 11. Be2 Re8 12. Nd2 Bd7 13. Bg5 Rc8 14. N2f3 Ng6 15. Bd3 Nf4 16. Bc2 h6 17. Bh4 g5 18. Bg3 N6h5 19. Bh2 Qf6 20. Qd2 g4 21. hxg4 Bxg4 22. Rfe1 Nh3+ 23. gxh3 Bxh2+ 24. Kxh2 Bxf3 25. Nxf3 Qxf3 26. Rg1+ Ng7 27. Qd4 f6 28. Rg3 Qe2 29. Qxf6 Rc7 30. Qf5 Rf7 31. Qh7+ Kf8 32. Rg2 Qe5+ 33. Kg1 Ne6 34. Qxh6+ Ke7 35. Qh4+ Rf6 36. Qb4+ Kf7 37. Qxb7+ Re7 38. Qb4 Nf4 39. Rg4 Nxh3+ 40. Kg2 Rxf2+ 41. Kxh3 Qh2# 0-1

[Event "Scarborough CC-ch"]
[Site "Toronto CAN"]
[Date "2025.05.08"]
[Round "4.14"]
[White "Bi, William"]
[Black "Adulfo, Vincent Angel"]
[Result "1/2-1/2"]
[WhiteElo "1892"]
[BlackElo "1649"]
[WhiteFideId "-1"]
[WhiteFideId "-1"]
[PlyCount "64"]
[GameId "2226046759853714"]
[EventDate "2025.04.17"]
[EventType "swiss"]
[EventRounds "10"]
[EventCountry "CAN"]

1. e4 e6 2. d4 d5 3. Nd2 c5 4. exd5 exd5 5. Bb5+ Bd7 6. Bxd7+ Nxd7 7. Ngf3 Ngf6 8. O-O Be7 9. dxc5 Nxc5 10. Nd4 O-O 11. N2f3 Re8 12. Re1 Bd6 13. Rxe8+ Qxe8 14. Nf5 Bf8 15. Bg5 Nce4 16. Bxf6 Nxf6 17. Ne3 Rd8 18. Qd4 b6 19. b4 Qe4 20. a3 Qxd4 21. Nxd4 g6 22. Rd1 a5 23. f3 Rc8 24. bxa5 bxa5 25. Rd3 Bh6 26. Kf2 Bxe3+ 27. Kxe3 Kf8 28. Rb3 a4 29. Rd3 Nd7 30. Nb5 Rxc2 31. Rxd5 Nb6 32. Rd8+ Ke7 1/2-1/2

[Event "Scarborough CC-ch"]
[Site "Toronto CAN"]
[Date "2025.05.08"]
[Round "4.15"]
[White "Ugodnikov, Arkadiy"]
[Black "Dixon, Javier"]
[Result "1/2-1/2"]
[WhiteElo "1753"]
[BlackElo "1640"]
[WhiteFideId "-1"]
[WhiteFideId "-1"]
[PlyCount "81"]
[GameId "2226046759857811"]
[EventDate "2025.04.17"]
[EventType "swiss"]
[EventRounds "10"]
[EventCountry "CAN"]

1. e4 g6 2. d4 Bg7 3. Nc3 c5 4. d5 d6 5. Nf3 Nf6 6. Be2 O-O 7. O-O Ng4 8. h3 Ne5 9. Nxe5 Bxe5 10. Bh6 Bg7 11. Bxg7 Kxg7 12. f4 e6 13. Qd2 exd5 14. Nxd5 Nd7 15. Qc3+ Kg8 16. Bg4 f6 17. Rad1 Nb6 18. Ne3 Bxg4 19. Nxg4 Qe7 20. e5 fxe5 21. fxe5 dxe5 22. Nxe5 Rae8 23. Ng4 Qg7 24. Rxf8+ Rxf8 25. Qxc5 h5 26. Ne3 Qxb2 27. Qd6 Qf6 28. Qxf6 Rxf6 29. Nd5 Nxd5 30. Rxd5 Ra6 31. Rd8+ Kg7 32. Rd7+ Kh6 33. Rxb7 Rxa2 34. c4 a5 35. Ra7 a4 36. Ra5 a3 37. c5 Kg5 38. Ra4 Ra1+ 39. Kf2 Ra2+ 40. Kf1 Ra1+ 41. Kf2 1/2-1/2

[Event "Scarborough CC-ch"]
[Site "Toronto CAN"]
[Date "2025.05.08"]
[Round "4.16"]
[White "Guan, Isabelle"]
[Black "Balakrishnan, Shankar"]
[Result "1-0"]
[WhiteElo "1618"]
[BlackElo "1748"]
[WhiteFideId "-1"]
[WhiteFideId "-1"]
[PlyCount "85"]
[GameId "2226046759857812"]
[EventDate "2025.04.17"]
[EventType "swiss"]
[EventRounds "10"]
[EventCountry "CAN"]

1. e4 d6 2. d4 Nf6 3. Nc3 g6 4. Be3 c6 5. Qd2 Qa5 6. Bd3 b5 7. a3 Bb7 8. Nf3 Nbd7 9. O-O Bg7 10. Rfe1 O-O 11. Bh6 e5 12. b4 Qc7 13. Rad1 exd4 14. Nxd4 Ne5 15. Bxg7 Kxg7 16. Qg5 Bc8 17. f4 h6 18. Qg3 Nh5 19. Qh4 Nxd3 20. Rxd3 Qb6 21. Kh1 Nf6 22. f5 g5 23. Qg3 Qc7 24. Nf3 Nh5 25. Qg4 Nf6 26. Qh3 Re8 27. Qg3 Ng8 28. Nxg5 Kh8 29. Qxd6 Qxd6 30. Nxf7+ Kg7 31. Nxd6 Re7 32. e5 Kf8 33. Rf3 a5 34. Nxc8 Rxc8 35. e6 axb4 36. axb4 Nf6 37. Rg3 Rd8 38. Rg6 Nd5 39. f6 Nxc3 40. fxe7+ Kxe7 41. Rg7+ Kf6 42. Rf7+ Kg6 43. e7 1-0

[Event "Scarborough CC-ch"]
[Site "Toronto CAN"]
[Date "2025.05.08"]
[Round "4.17"]
[White "Yang, Lucy"]
[Black "Mesiti, Silvano"]
[Result "1-0"]
[WhiteElo "1674"]
[BlackElo "1563"]
[WhiteFideId "-1"]
[WhiteFideId "-1"]
[PlyCount "45"]
[GameId "2226046759857813"]
[EventDate "2025.04.17"]
[EventType "swiss"]
[EventRounds "10"]
[EventCountry "CAN"]

1. e4 e5 2. Nf3 d6 3. d4 exd4 4. Nxd4 Nf6 5. Bd3 Bd7 6. O-O Be7 7. c4 Nc6 8. Nxc6 Bxc6 9. Nc3 O-O 10. f4 Qd7 11. Rf3 Ne8 12. Rh3 h6 13. f5 Bf6 14. Qh5 Bd4+ 15. Kh1 Nf6 16. Qh4 Qd8 17. Bxh6 Nh7 18. Bg5 f6 19. Qxh7+ Kf7 20. Bh6 Rg8 21. Rg3 Qf8 22. Be2 Ke8 23. Bxg7 1-0

[Event "Scarborough CC-ch"]
[Site "Toronto CAN"]
[Date "2025.05.08"]
[Round "4.18"]
[White "Gao, Yiguo"]
[Black "Vetrivel, Jai Hanuj"]
[Result "0-1"]
[WhiteElo "1613"]
[BlackElo "1665"]
[WhiteFideId "-1"]
[WhiteFideId "-1"]
[PlyCount "50"]
[GameId "2226046759861910"]
[EventDate "2025.04.17"]
[EventType "swiss"]
[EventRounds "10"]
[EventCountry "CAN"]

1. e4 e5 2. Nc3 Nc6 3. f4 d6 4. Bc4 Nge7 5. Nf3 h6 6. O-O Bg4 7. fxe5 dxe5 8. Bxf7+ Kd7 9. h3 Bxf3 10. Qxf3 Kc8 11. Na4 a6 12. Be6+ Kb8 13. c3 Ng6 14. b4 Be7 15. Qg4 Nf4 16. Bd7 h5 17. Qxg7 Rg8 18. Qh7 Rxg2+ 19. Kh1 Qxd7 20. Rf3 Ka7 21. d4 Rag8 22. Bxf4 exf4 23. Qxh5 Nxd4 24. Rd3 Qxa4 25. Rxd4 Qc2 0-1

[Event "Scarborough CC-ch"]
[Site "Toronto CAN"]
[Date "2025.05.08"]
[Round "4.19"]
[White "Sekaran, Adithya"]
[Black "Chen, Brady"]
[Result "1-0"]
[WhiteElo "1684"]
[BlackElo "1612"]
[WhiteFideId "-1"]
[WhiteFideId "-1"]
[PlyCount "115"]
[GameId "2226046759861911"]
[EventDate "2025.04.17"]
[EventType "swiss"]
[EventRounds "10"]
[EventCountry "CAN"]

1. d4 Nf6 2. c4 d6 3. Nf3 g6 4. Nc3 Bg7 5. e4 Bg4 6. Be2 O-O 7. O-O Re8 8. h3 Bxf3 9. Bxf3 Nc6 10. e5 dxe5 11. Bxc6 bxc6 12. dxe5 Nd7 13. f4 e6 14. Qf3 c5 15. Rd1 Qe7 16. Qc6 Nb6 17. Nb5 Red8 18. Be3 Nxc4 19. Bxc5 Na5 20. Qxc7 Qxc7 21. Nxc7 Rac8 22. Rxd8+ Rxd8 23. Bxa7 Nc4 24. b3 Nd2 25. Nb5 Bf8 26. Nd4 Ra8 27. Bb6 Ra6 28. Rd1 Rxa2 29. Kh2 Rb2 30. Ba5 Ne4 31. Re1 Nc5 32. Bc3 Ra2 33. Re3 Na6 34. Rf3 Ra3 35. Be1 Bc5 36. Nc6 Kg7 37. b4 Rxf3 38. gxf3 Bb6 39. Kg3 Nc7 40. Bf2 Bxf2+ 41. Kxf2 Nb5 42. Ke3 Kf8 43. Kd3 Ke8 44. Kc4 Nc7 45. Kc5 Kd7 46. b5 Kc8 47. b6 Nd5 48. Nb4 Ne7 49. Nc6 Nd5 50. Kb5 Kd7 51. b7 Nc7+ 52. Kb6 Nd5+ 53. Ka7 Kxc6 54. b8=Q Nxf4 55. Qd6+ Kb5 56. Qd7+ Kc5 57. Qxf7 Nxh3 58. Qxe6 1-0

[Event "Scarborough CC-ch"]
[Site "Toronto CAN"]
[Date "2025.05.08"]
[Round "4.20"]
[White "Gaffney, Kevin"]
[Black "Chen, Timmy"]
[Result "0-1"]
[WhiteElo "1625"]
[BlackElo "1755"]
[WhiteFideId "-1"]
[WhiteFideId "-1"]
[PlyCount "130"]
[GameId "2226046759866009"]
[EventDate "2025.04.17"]
[EventType "swiss"]
[EventRounds "10"]
[EventCountry "CAN"]

1. d4 d5 2. Nf3 Nf6 3. e3 e6 4. Be2 Bd6 5. O-O O-O 6. b3 Nbd7 7. Bb2 c6 8. c4 Ne4 9. Nbd2 f5 10. cxd5 exd5 11. Qc1 Rf6 12. Ne5 Qe7 13. f4 Rh6 14. Ndf3 Ndf6 15. Qe1 Bb4 16. Qc1 Ng4 17. a3 Nxh2 18. axb4 Nxf1 19. Kxf1 Rh1+ 20. Ng1 Qh4 21. Qe1 Rxg1+ 22. Kxg1 Ng3 23. Bf3 Be6 24. Kf2 a6 25. Rc1 Rc8 26. Be2 g5 27. Nf3 Ne4+ 28. Kg1 Qh6 29. Bd3 gxf4 30. Bxe4 fxe4 31. Qh4 Qxh4 32. Nxh4 fxe3 33. Re1 Kf7 34. Rxe3 Rg8 35. g3 Bg4 36. Kf2 Kf6 37. Ng2 Kf5 38. Re1 Rf8 39. Ke3 Bf3 40. Nf4 Rg8 41. Rg1 h5 42. Bc1 h4 43. Kf2 Rh8 44. gxh4 Rxh4 45. Ng2 Rh2 46. Kg3 Rh7 47. Ne3+ Kf6 48. Kf2 Rh2+ 49. Ng2 Rh3 50. Be3 Bg4 51. Nf4 Rf3+ 52. Ke2 Rxf4+ 53. Kd2 Kf5 54. Bxf4 Kxf4 55. Rh1 e3+ 56. Ke1 Ke4 57. Rh4 Kf3 58. Rh8 Bf5 59. Rh4 Bc2 60. Rh3+ Ke4 61. Ke2 Bd3+ 62. Ke1 Kxd4 63. Rh4+ Kc3 64. Rh3 d4 65. Rh4 b6 0-1

[Event "Scarborough CC-ch"]
[Site "Toronto CAN"]
[Date "2025.05.08"]
[Round "4.21"]
[White "Kola, Venkata Saket Reddy"]
[Black "Issani, Nameer"]
[Result "1/2-1/2"]
[WhiteElo "1658"]
[BlackElo "1575"]
[WhiteFideId "-1"]
[WhiteFideId "-1"]
[PlyCount "88"]
[GameId "2226046759870106"]
[EventDate "2025.04.17"]
[EventType "swiss"]
[EventRounds "10"]
[EventCountry "CAN"]

1. d4 d5 2. Bf4 Nc6 3. e3 Bf5 4. Bd3 Bg6 5. Nf3 Nf6 6. c3 e6 7. h3 Bd6 8. Bh2 Bxh2 9. Nxh2 Qd6 10. O-O e5 11. dxe5 Nxe5 12. Bc2 O-O 13. Nd2 Rfe8 14. Re1 Rad8 15. Bxg6 fxg6 16. Ndf3 Ne4 17. Nxe5 Qxe5 18. Qd4 Qxd4 19. exd4 Nd2 20. Ng4 Nc4 21. b3 Nd6 22. Ne5 Ne4 23. Re3 c5 24. Rc1 Rc8 25. Nd3 cxd4 26. cxd4 Rxc1+ 27. Nxc1 Nd6 28. Rxe8+ Nxe8 29. Kf1 Kf7 30. Nd3 Nd6 31. Ke2 Nf5 32. Ne5+ Ke6 33. Kd3 Nd6 34. f3 Nf7 35. Nxf7 Kxf7 36. g4 g5 37. Ke3 Ke6 38. f4 gxf4+ 39. Kxf4 h6 40. h4 g6 41. a3 a6 42. Ke3 g5 43. hxg5 hxg5 44. Kd3 Kd6 1/2-1/2

[Event "Scarborough CC-ch"]
[Site "Toronto CAN"]
[Date "2025.05.08"]
[Round "4.22"]
[White "Lim, Carl"]
[Black "Talukder, Mandranjan"]
[Result "1-0"]
[WhiteElo "1611"]
[BlackElo "1622"]
[WhiteFideId "-1"]
[WhiteFideId "-1"]
[PlyCount "59"]
[GameId "2226046759870107"]
[EventDate "2025.04.17"]
[EventType "swiss"]
[EventRounds "10"]
[EventCountry "CAN"]

1. d4 d5 2. c4 e6 3. Nf3 Nc6 4. Nc3 Bb4 5. Bg5 f6 6. Bh4 Bxc3+ 7. bxc3 Nge7 8. e3 Bd7 9. Rb1 b6 10. Bd3 Na5 11. cxd5 Nxd5 12. Qc2 g6 13. c4 g5 14. cxd5 gxh4 15. Bxh7 exd5 16. Bg6+ Ke7 17. O-O Bg4 18. Nd2 Qd6 19. e4 Rag8 20. exd5 Qxd5 21. Qxc7+ Bd7 22. Rfe1+ Kf8 23. Be4 Qf7 24. Bf3 Be8 25. Qd6+ Kg7 26. Re7 Qxe7 27. Qxe7+ Bf7 28. Qxa7 Rb8 29. Rxb6 Ra8 30. Bxa8 1-0

[Event "Scarborough CC-ch"]
[Site "Toronto CAN"]
[Date "2025.05.15"]
[Round "5.1"]
[White "Varakunan, Cadiron"]
[Black "Gao, Heye"]
[Result "1/2-1/2"]
[WhiteElo "1975"]
[BlackElo "2169"]
[WhiteFideId "-1"]
[WhiteFideId "-1"]
[PlyCount "117"]
[GameId "2226046759882403"]
[EventDate "2025.04.17"]
[EventType "swiss"]
[EventRounds "10"]
[EventCountry "CAN"]

1. e4 e5 2. Nf3 Nc6 3. Bc4 Bc5 4. c3 Nf6 5. d3 d6 6. O-O O-O 7. Re1 a6 8. a4 Ba7 9. h3 h6 10. Bb3 Nh5 11. Nbd2 Nf4 12. Nf1 Qf6 13. N1h2 Qg6 14. Bxf4 exf4 15. Kf1 Kh8 16. d4 Qf6 17. Bc2 Ne7 18. Qd3 g6 19. b4 d5 20. e5 Qc6 21. Ng4 Ng8 22. e6 Bxe6 23. Nge5 Qe8 24. Nh4 Ne7 25. Qf3 g5 26. Qh5 Kg7 27. Ng4 Rh8 28. Nf5+ Bxf5 29. Bxf5 Qf8 30. Re5 f6 31. Rxe7+ Qxe7 32. Qg6+ Kf8 33. Nxf6 Rd8 34. Re1 Qf7 35. Nh7+ Rxh7 36. Qxh7 Qxh7 37. Bxh7 Re8 38. Rxe8+ Kxe8 39. Ke2 c6 40. Bf5 Kd8 41. Kf3 Bb6 42. Kg4 a5 43. b5 cxb5 44. axb5 a4 45. Be6 Ba5 46. Bxd5 Bxc3 47. Bxb7 Bxd4 48. Kh5 Kc7 49. Bd5 Kd6 50. Bg8 Bxf2 51. Kxh6 Bh4 52. Kg6 Kc5 53. Kf5 Kxb5 54. Ke4 Kb4 55. Kd3 Bf2 56. Kc2 Bd4 57. Kb1 Ka3 58. Kc2 Bc5 59. Bd5 1/2-1/2

[Event "Scarborough CC-ch"]
[Site "Toronto CAN"]
[Date "2025.05.15"]
[Round "5.2"]
[White "Kola, Venkat Karthikeya R"]
[Black "Yang, Larry"]
[Result "1/2-1/2"]
[WhiteElo "2228"]
[BlackElo "2093"]
[WhiteFideId "-1"]
[WhiteFideId "-1"]
[PlyCount "122"]
[GameId "2226046759898797"]
[EventDate "2025.04.17"]
[EventType "swiss"]
[EventRounds "10"]
[EventCountry "CAN"]

1. d4 Nf6 2. c4 g6 3. Nc3 d5 4. Nf3 Bg7 5. Qb3 dxc4 6. Qxc4 O-O 7. e4 Be6 8. d5 Bc8 9. Be2 c6 10. O-O cxd5 11. exd5 Nbd7 12. Rd1 Nb6 13. Qb3 Bg4 14. h3 Bxf3 15. Bxf3 Ne8 16. Ne4 Nd6 17. Nxd6 Qxd6 18. Bd2 Rfd8 19. Bb4 Qf6 20. Rd2 Qg5 21. Rad1 Rac8 22. Re2 Be5 23. Qe3 Qxe3 24. Rxe3 Bd6 25. Bc3 Nc4 26. Re2 Kf8 27. g3 Rc7 28. Re4 Rdc8 29. Be2 Nb6 30. a4 Rc5 31. Rh4 Kg8 32. Bf3 Nd7 33. Re4 b6 34. Kf1 f5 35. Ree1 Kf7 36. Be2 Rd8 37. Bb5 Nf6 38. Bxf6 Kxf6 39. Bc6 Be5 40. b4 Rc4 41. f4 Bd6 42. b5 Rc3 43. Kg2 Rg8 44. Rc1 Rxc1 45. Rxc1 g5 46. Kf3 h5 47. Rf1 h4 48. fxg5+ Rxg5 49. g4 fxg4+ 50. hxg4 h3 51. Bd7 Rg7 52. Bf5 Kg5 53. Rh1 h2 54. Kg2 Rg8 55. Rc1 Rh8 56. Rh1 Rh6 57. Be6 Rh7 58. Bf5 Rh8 59. Bd7 Rd8 60. Bf5 Ra8 61. Rc1 a6 1/2-1/2

[Event "Scarborough CC-ch"]
[Site "Toronto CAN"]
[Date "2025.05.15"]
[Round "5.3"]
[White "Pan, Julian"]
[Black "Wang, Nathan"]
[Result "0-1"]
[WhiteElo "1870"]
[BlackElo "2099"]
[WhiteFideId "-1"]
[WhiteFideId "-1"]
[PlyCount "96"]
[GameId "2226046759902896"]
[EventDate "2025.04.17"]
[EventType "swiss"]
[EventRounds "10"]
[EventCountry "CAN"]

1. e4 c5 2. Nf3 Nc6 3. d4 cxd4 4. Nxd4 Nf6 5. Nc3 e5 6. Ndb5 d6 7. Bg5 a6 8. Na3 b5 9. Nd5 Be7 10. Bxf6 Bxf6 11. c3 Bg5 12. g3 O-O 13. Bg2 Ne7 14. h4 Bh6 15. Nc2 Nxd5 16. Qxd5 Be6 17. Qd1 a5 18. O-O Rb8 19. b3 Qc7 20. Ne3 Bxe3 21. fxe3 Qxc3 22. Qe2 Rfc8 23. Rad1 Rb6 24. Rd3 Qb4 25. Qf2 Rc7 26. Qb2 Qc5 27. Rfd1 Bg4 28. R1d2 Be6 29. Kf2 Kf8 30. Bf3 Ke7 31. g4 a4 32. Bd1 a3 33. Qb1 Qb4 34. Rc2 Rbc6 35. Rxc6 Rxc6 36. Bf3 Rc3 37. Qd1 Qc5 38. Be2 Rc1 39. Qd2 Rc2 40. Qe1 Bxg4 41. Rd2 Qc3 42. Qg1 Qxd2 43. Qxg4 Qxe2+ 44. Qxe2 Rxe2+ 45. Kxe2 h5 46. Kd3 f6 47. Kc3 g5 48. Kb4 gxh4 0-1

[Event "Scarborough CC-ch"]
[Site "Toronto CAN"]
[Date "2025.05.15"]
[Round "5.4"]
[White "Chen, Larry"]
[Black "Katz, Lyam"]
[Result "1/2-1/2"]
[WhiteElo "1958"]
[BlackElo "1826"]
[WhiteFideId "-1"]
[WhiteFideId "-1"]
[PlyCount "112"]
[GameId "2226046759902897"]
[EventDate "2025.04.17"]
[EventType "swiss"]
[EventRounds "10"]
[EventCountry "CAN"]

1. d4 Nf6 2. Nf3 g6 3. c4 Bg7 4. Nc3 d5 5. cxd5 Nxd5 6. e4 Nxc3 7. bxc3 c5 8. Bb5+ Nc6 9. O-O cxd4 10. cxd4 O-O 11. Be3 Bg4 12. Qa4 Bxf3 13. gxf3 Nxd4 14. Rad1 Nxf3+ 15. Kg2 Nh4+ 16. Kg3 Qb8+ 17. Bf4 Be5 18. Bxe5 Qxe5+ 19. f4 Qh5 20. Rd5 f5 21. Qd1 Qxd1 22. Rfxd1 fxe4 23. Kxh4 Rxf4+ 24. Kg3 Raf8 25. Rd7 Rf3+ 26. Kg2 Rf2+ 27. Kg1 e3 28. Rxe7 Rd2 29. Rxd2 exd2 30. Bc4+ Kh8 31. Bb3 Rc8 32. Rd7 b6 33. Kf2 Rc1 34. Rxd2 Rc7 35. Ba4 Kg7 36. Rd7+ Rxd7 37. Bxd7 Kf6 38. Ke3 Ke5 39. Kd3 Kd5 40. Be8 g5 41. Bf7+ Ke5 42. h3 Kf4 43. Kc4 Kg3 44. Be6 h5 45. Kb5 g4 46. hxg4 hxg4 47. Ka6 Kf4 48. a4 g3 49. Bd5 Ke5 50. Bg2 Kd4 51. Kb5 Kc3 52. Bd5 Kd4 53. Bf3 Kc3 54. Bg2 Kb3 55. Bd5+ Ka3 56. Bc6 g2 1/2-1/2

[Event "Scarborough CC-ch"]
[Site "Toronto CAN"]
[Date "2025.05.15"]
[Round "5.5"]
[White "Deepak, Laksshana"]
[Black "Mendoza, Armand Jess"]
[Result "1/2-1/2"]
[WhiteElo "2127"]
[BlackElo "1854"]
[WhiteFideId "-1"]
[WhiteFideId "-1"]
[PlyCount "88"]
[GameId "2226046759906994"]
[EventDate "2025.04.17"]
[EventType "swiss"]
[EventRounds "10"]
[EventCountry "CAN"]

1. Nf3 d5 2. b3 e6 3. Bb2 f5 4. g3 Nf6 5. Bg2 Bd6 6. d4 b6 7. c4 Bb7 8. Nc3 a6 9. e3 Nbd7 10. O-O O-O 11. Qc2 Ne4 12. Nxe4 fxe4 13. Nd2 Qg5 14. Rae1 h5 15. f3 h4 16. fxe4 hxg3 17. e5 gxh2+ 18. Kh1 Bb4 19. cxd5 Rxf1+ 20. Rxf1 Qxe3 21. Nc4 Qg3 22. a3 Rf8 23. Rxf8+ Bxf8 24. dxe6 Nb8 25. Qe2 Be7 26. Nd2 Qg6 27. Qf2 Bxg2+ 28. Qxg2 Qh6 29. d5 Bg5 30. Nf3 Be7 31. Qxh2 Qe3 32. Qg2 Qh6+ 33. Nh2 Qh5 34. Bd4 Qd1+ 35. Bg1 Bxa3 36. Ng4 Bc5 37. Nf6+ Kf8 38. Nd7+ Nxd7 39. exd7 Qh5+ 40. Bh2 Qd1+ 41. Bg1 Qh5+ 42. Bh2 Qd1+ 43. Bg1 Qh5+ 44. Bh2 Qd1+ 1/2-1/2

[Event "Scarborough CC-ch"]
[Site "Toronto CAN"]
[Date "2025.05.15"]
[Round "5.6"]
[White "Yamasaki, Dawson"]
[Black "Nazareno, Merlin"]
[Result "1/2-1/2"]
[WhiteElo "1657"]
[BlackElo "1985"]
[WhiteFideId "-1"]
[WhiteFideId "-1"]
[PlyCount "82"]
[GameId "2226046759906995"]
[EventDate "2025.04.17"]
[EventType "swiss"]
[EventRounds "10"]
[EventCountry "CAN"]

1. e4 Nc6 2. Nf3 f5 3. e5 d6 4. d4 dxe5 5. dxe5 Qxd1+ 6. Kxd1 e6 7. h4 Bd7 8. c3 Nh6 9. Bf4 Ng4 10. Ke2 Bc5 11. Bg3 O-O 12. Nh2 Ncxe5 13. Nxg4 Nxg4 14. f3 Ne3 15. Na3 f4 16. b4 Bd6 17. Bf2 Nd5 18. Kd3 a5 19. Nc2 axb4 20. c4 Nc3 21. c5 Be5 22. Nxb4 Rfe8 23. Kc4 Ra3 24. Nc2 Ra4+ 25. Kb3 Rea8 26. a3 Nb5 27. Bxb5 Bxb5 28. Nb4 Bxa1 29. Rxa1 e5 30. Be1 Kf7 31. Bc3 Ke6 32. Bb2 Kf5 33. Re1 Re8 34. Nd5 Bc6 35. Nxc7 Re7 36. Nd5 Re6 37. Nc7 Re7 38. Nd5 Re8 39. Nc7 Re7 40. Nd5 Re6 41. Nc7 Re7 1/2-1/2

[Event "Scarborough CC-ch"]
[Site "Toronto CAN"]
[Date "2025.05.15"]
[Round "5.7"]
[White "Ha, Alexander"]
[Black "Sharpe, Sam"]
[Result "0-1"]
[WhiteElo "1684"]
[BlackElo "1921"]
[WhiteFideId "-1"]
[WhiteFideId "-1"]
[PlyCount "76"]
[GameId "2226046759906996"]
[EventDate "2025.04.17"]
[EventType "swiss"]
[EventRounds "10"]
[EventCountry "CAN"]

1. e4 e5 2. Nf3 Nf6 3. Nc3 Nc6 4. Bb5 Bb4 5. d3 d6 6. O-O O-O 7. Bd2 Bg4 8. a3 Bxf3 9. Qxf3 Nd4 10. Qd1 Bxc3 11. bxc3 Nxb5 12. Qb1 c6 13. a4 Nc7 14. Qxb7 Qd7 15. Rfb1 Ne6 16. Qa6 Nf4 17. Rb7 Qg4 18. Bxf4 Qxf4 19. h3 d5 20. exd5 cxd5 21. Rxa7 Rxa7 22. Qxa7 Qd2 23. Qc5 Qxc2 24. d4 exd4 25. Qxd4 Rc8 26. g4 Qxc3 27. Qxc3 Rxc3 28. a5 Rc7 29. a6 Ra7 30. Ra5 h6 31. Kg2 Kf8 32. f4 g5 33. h4 gxf4 34. g5 hxg5 35. hxg5 Ng8 36. Kf3 Ne7 37. Kxf4 Kg7 38. Ke5 Nc6+ 0-1